[Event "Georgian 69th Women Championship"]
[Site "?"]
[Date "2012.05.02"]
[Round "5.6"]
[White "Khukhashvili, Sopiko"]
[Black "Khotenashvili, Bela"]
[Result "0-1"]
[WhiteElo "2408"]
[BlackElo "2490"]
[PlyCount "116"]
[EventDate "2012.??.??"]

1. e4 c6 2. d4 d5 3. Nd2 dxe4 4. Nxe4 Bf5 5. Ng3 Bg6 6. h4 h6 7. Nh3 Nf6 8. Nf4
Bh7 9. Bc4 e6 10. c3 Bd6 11. Nfh5 Rg8 12. Qe2 Nbd7 13. Be3 Nd5 14. Qg4 N7f6 15.
Qf3 Qc7 16. O-O-O O-O-O 17. Nxf6 Nxf6 18. Bd3 Bxd3 19. Rxd3 Bxg3 20. fxg3 h5
21. Bg5 Rd5 22. Bxf6 gxf6 23. Rf1 Rf5 24. Qe2 Rxf1+ 25. Qxf1 f5 26. Qf2 Qa5 27.
a3 Qd5 28. Rf3 Rd8 29. Re3 Rg8 30. Rf3 a6 31. Qe3 Rg6 32. Qf2 Kb8 33. Rf4 Ka8
34. Qf3 Qxf3 35. Rxf3 Rg4 36. Kd2 Kb8 37. Ke2 Kc7 38. Kf2 Kd6 39. Rd3 Kd5 40.
b3 b5 41. Re3 f6 42. Ke2 e5 43. dxe5 fxe5 44. Rd3+ Ke6 45. Kf2 a5 46. Rd8 a4
47. b4 Rc4 48. Rd3 e4 49. Re3 c5 50. bxc5 Rxc5 51. Ke2 Kd5 52. Kd2 Kc4 53. g4
Rd5+ 54. Kc2 hxg4 55. Re2 Rd3 56. Kb2 e3 57. g3 f4 58. gxf4 Rd2+ 0-1

[Event "Georgian 69th Women Championship"]
[Site "?"]
[Date "2012.05.03"]
[Round "6.1"]
[White "Paikidze, Nazi"]
[Black "Khotenashvili, Bela"]
[Result "1-0"]
[WhiteElo "2406"]
[BlackElo "2490"]
[PlyCount "85"]
[EventDate "2012.??.??"]

1. e4 c6 2. d4 d5 3. e5 c5 4. dxc5 Nc6 5. Nf3 e6 6. Be3 Nge7 7. c3 Nf5 8. Bd4
Bd7 9. b4 Nfxd4 10. Nxd4 Nxe5 11. Nd2 b6 12. cxb6 Qxb6 13. Be2 Rc8 14. Qb3 Bd6
15. O-O O-O 16. g3 a5 17. b5 Bc5 18. Qa4 Qa7 19. Kg2 Bb6 20. Rac1 Rc7 21. f4
Ng6 22. N2f3 Rfc8 23. Qa3 Rc5 24. h4 Qc7 25. h5 Nf8 26. Ne5 h6 27. Nb3 Rxb5 28.
Qe7 Be8 29. Qxc7 Rxc7 30. Bxb5 Bxb5 31. Rfe1 Nd7 32. Nd4 Ba4 33. Rb1 Bc5 34.
Nxd7 Bxd7 35. Rb8+ Bf8 36. Reb1 e5 37. fxe5 Bg4 38. Rd8 Bxh5 39. Rbb8 Rxc3 40.
Rxf8+ Kh7 41. e6 fxe6 42. Nxe6 Bg4 43. Nf4 1-0

[Event "Georgian 69th Women Championship"]
[Site "?"]
[Date "2012.05.03"]
[Round "6.2"]
[White "Lomineishvili, Maia"]
[Black "Khukhashvili, Sopiko"]
[Result "1/2-1/2"]
[WhiteElo "2366"]
[BlackElo "2408"]
[PlyCount "149"]
[EventDate "2012.??.??"]

1. d4 d6 2. c4 e5 3. Nf3 e4 4. Ng5 f5 5. g3 Nf6 6. Bg2 c6 7. Nc3 h6 8. Nh3 g5
9. d5 Bg7 10. f3 exf3 11. exf3 c5 12. O-O O-O 13. Nf2 Na6 14. Nd3 Nc7 15. a4 b6
16. Rb1 a6 17. b4 b5 18. bxc5 bxc4 19. Nb4 dxc5 20. Nc6 Qd6 21. f4 Nd7 22. Ne2
g4 23. Bb2 Bxb2 24. Rxb2 a5 25. Nc3 Ba6 26. Re1 Rae8 27. Rbe2 Rxe2 28. Rxe2 Re8
29. Rxe8+ Nxe8 30. Qe1 Kf8 31. Nxa5 Qe7 32. Qd2 Nb8 33. Kf2 Qf6 34. Qe3 Qd4 35.
Ne2 Qxe3+ 36. Kxe3 Ke7 37. Kd2 Nd7 38. Nc3 Nc7 39. Nd1 Ne8 40. Ne3 Nd6 41. Nc6+
Kf6 42. a5 h5 43. Kc2 Bb5 44. Bf1 Ba6 45. Be2 Bb5 46. Kc1 Ba6 47. Kc2 Bb5 48.
Bd1 Ne4 49. Kb2 Nf2 50. Bc2 Nd3+ 51. Kc3 h4 52. Nxc4 Nxf4 53. Ne3 hxg3 54. hxg3
Ne2+ 55. Kd2 Nxg3 56. Bd3 c4 57. Bxc4 Bxc4 58. Nxc4 Ne4+ 59. Ke3 Nec5 60. Nd4
Kg5 61. Ne6+ Kf6 62. Nf4 Na6 63. d6 Nac5 64. Nd5+ Kg5 65. Ncb6 f4+ 66. Nxf4 Nb8
67. Nfd5 Nc6 68. Nc4 Kg6 69. Kf4 Kf7 70. Nc7 g3 71. Kxg3 Ne4+ 72. Kf4 Nxd6 73.
Nxd6+ Ke7 74. Nc4 Nxa5 75. Ke4 1/2-1/2

[Event "Georgian 69th Women Championship"]
[Site "?"]
[Date "2012.05.03"]
[Round "6.3"]
[White "Batsiashvili, Nino"]
[Black "Guramishvili, Sopiko"]
[Result "0-1"]
[WhiteElo "2438"]
[BlackElo "2395"]
[PlyCount "112"]
[EventDate "2012.??.??"]

1. d4 Nf6 2. c4 e6 3. Nf3 d5 4. g3 dxc4 5. Bg2 c5 6. Qa4+ Bd7 7. Qxc4 b5 8. Qc2
Na6 9. Bg5 Rc8 10. O-O cxd4 11. Qd2 h6 12. Bxf6 Qxf6 13. Nxd4 Bb4 14. Nc3 O-O
15. Rfd1 Rc7 16. Ne4 Qe7 17. Qd3 f5 18. Nc3 Bxc3 19. bxc3 Nc5 20. Qe3 Na4 21.
Nf3 Nxc3 22. Rd3 Rfc8 23. Ne5 b4 24. Bf3 Be8 25. a3 b3 26. Rd2 Qf6 27. Rb2 Na4
28. Rxb3 Rc5 29. Rb7 Qxe5 30. Qxe5 Rxe5 31. Rxa7 Rec5 32. Kg2 e5 33. Rb1 e4 34.
Rbb7 exf3+ 35. exf3 Kf8 36. Rxg7 Nb6 37. Rh7 Nd7 38. Rxh6 R8c7 39. Ra8 Kg7 40.
Rd6 Nf6 41. Rxf6 Kxf6 42. Rxe8 Ra7 43. g4 Rxa3 44. h4 Kf7 45. Rb8 Rc4 46. Rb7+
Ke6 47. Rb6+ Kd7 48. Rb7+ Kc6 49. Rg7 Rf4 50. h5 Raxf3 51. h6 Rxf2+ 52. Kg3
R4f3+ 53. Kh4 Rh2+ 54. Kg5 fxg4 55. Rg6+ Kd5 56. Kxg4 Rg2+ 0-1

[Event "Georgian 69th Women Championship"]
[Site "?"]
[Date "2012.05.03"]
[Round "6.4"]
[White "Arabidze, Meri"]
[Black "Charkhalashvili, Inga"]
[Result "1/2-1/2"]
[WhiteElo "2337"]
[BlackElo "2334"]
[PlyCount "101"]
[EventDate "2012.??.??"]

1. d4 Nf6 2. c4 e6 3. Nf3 Bb4+ 4. Nbd2 O-O 5. a3 Be7 6. e4 d6 7. Be2 c5 8. d5
e5 9. h3 Nbd7 10. g4 Re8 11. Qc2 Nf8 12. Nf1 Ng6 13. Ng3 Nf4 14. Bf1 Bf8 15.
Ne2 Bd7 16. Nxf4 exf4 17. Bd3 b5 18. Bxf4 bxc4 19. Qxc4 Rb8 20. O-O Bb5 21. Qc2
c4 22. Be2 Rxe4 23. Be3 Qe7 24. Rfe1 Nxd5 25. Ng5 Nxe3 26. fxe3 Bc6 27. Bf3
Qxg5 28. Bxe4 Bxe4 29. Qxe4 Rxb2 30. Rab1 c3 31. Rxb2 cxb2 32. Rb1 d5 33. Qd4
Bxa3 34. Qxa7 Bf8 35. Rxb2 h5 36. Rf2 Qg6 37. Qd7 hxg4 38. hxg4 Bc5 39. Qc8+
Bf8 40. Qf5 Qe6 41. Qxe6 fxe6 42. Kg2 Bc5 43. Kf3 Kf7 44. Rc2 Be7 45. Rc7 e5
46. e4 d4 47. Ke2 Kf8 48. Kd3 Bg5 49. Kc4 Bf4 50. Rd7 Kg8 51. Rb7 1/2-1/2

[Event "Georgian 69th Women Championship"]
[Site "?"]
[Date "2012.05.03"]
[Round "6.5"]
[White "Gvetadze, Sofio"]
[Black "Khurtsilava, Inga"]
[Result "1/2-1/2"]
[WhiteElo "2334"]
[BlackElo "2286"]
[PlyCount "67"]
[EventDate "2012.??.??"]

1. e4 c6 2. d4 d5 3. exd5 cxd5 4. c4 Nf6 5. Nc3 e6 6. Nf3 Nc6 7. cxd5 Nxd5 8.
Bd3 Bb4 9. Bd2 Nf6 10. Bg5 h6 11. Bh4 O-O 12. O-O Be7 13. Rc1 Nh5 14. Bxe7 Nxe7
15. Ne5 Nf4 16. Be4 Ned5 17. Qf3 Nxc3 18. bxc3 Nd5 19. Rfd1 Rb8 20. Bb1 Bd7 21.
Qd3 Nf6 22. Ng4 Re8 23. Nxf6+ Qxf6 24. Qh7+ Kf8 25. c4 g5 26. Qd3 a6 27. Re1
Rbd8 28. Re5 Bc6 29. Rce1 Qf4 30. Qh7 Qf6 31. Qd3 Qf4 32. Qh7 Qf6 33. Qd3 Qf4
34. Qh7 1/2-1/2

[Event "Georgian 69th Women Championship"]
[Site "?"]
[Date "2012.05.03"]
[Round "6.6"]
[White "Bokuchava, Madona"]
[Black "Melia, Salome"]
[Result "1-0"]
[WhiteElo "2058"]
[BlackElo "2400"]
[PlyCount "112"]
[EventDate "2012.??.??"]

1. d4 Nf6 2. Nf3 e6 3. c4 c5 4. Nc3 cxd4 5. Nxd4 Bb4 6. Bd2 O-O 7. a3 Bc5 8.
Nb3 Be7 9. e4 d6 10. Be2 Nbd7 11. Bf4 Qb6 12. O-O a6 13. Rc1 Rd8 14. Be3 Qc7
15. f3 b6 16. Nd4 Bb7 17. Qd2 Rac8 18. Rfd1 Qb8 19. Bf1 Ne5 20. Na4 Nfd7 21. b4
Re8 22. Qf2 Bd8 23. Be2 Ba8 24. b5 Nc5 25. Nc3 a5 26. Qg3 Bc7 27. f4 Ng6 28.
Bf3 Bd8 29. Nc6 Bxc6 30. bxc6 Nh4 31. Nb5 Rxc6 32. e5 Nxf3+ 33. Qxf3 Qa8 34.
Na7 Rc8 35. Nxc8 Qxc8 36. exd6 Nd7 37. Bd4 Rf8 38. Kh1 Bf6 39. Bxf6 Nxf6 40.
Qe3 Nd7 41. Rc3 Qc6 42. Qd4 Rc8 43. Rb1 Nc5 44. Re3 Nd7 45. Rc1 Rd8 46. Rg3 g6
47. Rd1 Nc5 48. Re3 Nb7 49. Qe4 Rxd6 50. Rxd6 Qxd6 51. Rd3 Qc7 52. Qd4 Qc6 53.
Rb3 Nc5 54. Qd8+ Kg7 55. Qxb6 Qe4 56. Qxc5 Qe3 1-0

[Event "Georgian 69th Women Championship"]
[Site "?"]
[Date "2012.05.05"]
[Round "7.1"]
[White "Melia, Salome"]
[Black "Paikidze, Nazi"]
[Result "1-0"]
[WhiteElo "2400"]
[BlackElo "2406"]
[PlyCount "157"]
[EventDate "2012.??.??"]

1. e4 c5 2. Nf3 d6 3. d4 Nf6 4. Nc3 cxd4 5. Nxd4 a6 6. Bg5 e6 7. f4 Qb6 8. Nb3
Be7 9. Qd2 h6 10. Bxf6 Bxf6 11. O-O-O Be7 12. h4 Nd7 13. g4 Qc7 14. Rh3 b5 15.
g5 b4 16. Ne2 Bb7 17. Qxb4 hxg5 18. hxg5 Rxh3 19. Bxh3 Rc8 20. c3 Qb6 21. Qxb6
Nxb6 22. g6 Bxe4 23. gxf7+ Kxf7 24. Ned4 Bd5 25. Re1 Bf6 26. Bxe6+ Bxe6 27.
Rxe6 Nc4 28. Re2 a5 29. Nb5 a4 30. Nd2 Be7 31. Kc2 d5 32. b3 axb3+ 33. axb3 Nd6
34. Nxd6+ Bxd6 35. Rf2 Kf6 36. Kd3 Rc7 37. Nf1 Bc5 38. Re2 Kf5 39. Re5+ Kxf4
40. Rxd5 g5 41. b4 Bf2 42. c4 Rb7 43. Rd8 Kf3 44. Nd2+ Kg2 45. Rg8 Rxb4 46.
Rxg5+ Kh3 47. Ke2 Bd4 48. Kf3 Bf6 49. Rh5+ Bh4 50. c5 Rb7 51. Ne4 Rf7+ 52. Ke3
Kg4 53. Rh6 Bd8 54. Kd4 Bc7 55. Kd5 Kf4 56. Rh4+ Ke3 57. Nd6 Rf1 58. Rh7 Bd8
59. Nc4+ Ke2 60. Rh2+ Ke1 61. c6 Rf8 62. Kd6 Bg5 63. Rh5 Bf4+ 64. Kd7 Rf7+ 65.
Ke6 Rg7 66. Ne5 Ke2 67. Rf5 Ke3 68. Kd5 Ra7 69. Nc4+ Kf3 70. Rf8 Kg3 71. Kc5
Bc7 72. Kb5 Kh4 73. Rf7 Kg5 74. Nb6 Kg6 75. Rd7 Kf5 76. Nd5 Ra5+ 77. Kb4 Ra6
78. Rxc7 Ke5 79. Kb5 1-0

[Event "Georgian 69th Women Championship"]
[Site "?"]
[Date "2012.05.05"]
[Round "7.2"]
[White "Khurtsilava, Inga"]
[Black "Bokuchava, Madona"]
[Result "1-0"]
[WhiteElo "2286"]
[BlackElo "2058"]
[PlyCount "99"]
[EventDate "2012.??.??"]

1. g3 c5 2. Bg2 Nf6 3. c4 Nc6 4. Nc3 g6 5. d3 Bg7 6. e3 O-O 7. Nge2 d6 8. O-O
Bd7 9. a3 Qc8 10. Re1 Bg4 11. f3 Bh3 12. Nf4 Bxg2 13. Kxg2 Nd7 14. h4 b6 15.
Rb1 Qb7 16. Ne4 Nf6 17. Nxf6+ Bxf6 18. b4 Ne5 19. Bb2 e6 20. e4 Rfc8 21. h5 Qe7
22. Rh1 Nc6 23. hxg6 fxg6 24. Qd2 Nd4 25. Nh3 Rc7 26. f4 cxb4 27. axb4 a5 28.
Ng5 h5 29. Bxd4 Bxd4 30. Nf3 Qg7 31. e5 dxe5 32. fxe5 Bxe5 33. Qe2 Bc3 34. bxa5
bxa5 35. Rb6 Re8 36. Rf1 Rf7 37. Rxe6 Rfe7 38. Rxe7 Qxe7 39. Qc2 Qg7 40. d4 Re3
41. c5 Bb4 42. Ne5 Be1 43. Qc4+ Kh8 44. Nf7+ Kh7 45. Ng5+ Kh6 46. Rf7 Rc3 47.
Qxc3 Bxc3 48. Rxg7 Kxg7 49. c6 a4 50. c7 1-0

[Event "Georgian 69th Women Championship"]
[Site "?"]
[Date "2012.05.05"]
[Round "7.3"]
[White "Charkhalashvili, Inga"]
[Black "Gvetadze, Sofio"]
[Result "1/2-1/2"]
[WhiteElo "2334"]
[BlackElo "2334"]
[PlyCount "72"]
[EventDate "2012.??.??"]

1. d4 d5 2. c4 c6 3. Nf3 Nf6 4. Nc3 a6 5. e3 b5 6. cxd5 cxd5 7. Bd3 Bg4 8. Qb3
Bxf3 9. gxf3 e6 10. Bd2 Be7 11. a4 b4 12. Ne2 Nc6 13. Rc1 Qb6 14. Qc2 Rc8 15.
b3 O-O 16. Qb2 Bd6 17. O-O Rfe8 18. f4 Nd7 19. Ng3 Nf8 20. Rc2 Rc7 21. Rfc1 Ng6
22. Kh1 Nh4 23. Qb1 f5 24. Be2 Rec8 25. Rb2 Nb8 26. Rxc7 Qxc7 27. Qf1 Qb6 28.
Qh3 Be7 29. Bd3 Rc6 30. Ne2 Nd7 31. Ng1 Qb7 32. f3 Qc8 33. Qf1 Bd6 34. Qe1 Ng6
35. Rb1 Qb7 36. Rc1 Ne7 1/2-1/2

[Event "Georgian 69th Women Championship"]
[Site "?"]
[Date "2012.05.05"]
[Round "7.5"]
[White "Khukhashvili, Sopiko"]
[Black "Batsiashvili, Nino"]
[Result "0-1"]
[WhiteElo "2408"]
[BlackElo "2438"]
[PlyCount "132"]
[EventDate "2012.??.??"]

1. e4 c6 2. d4 d5 3. Nd2 dxe4 4. Nxe4 Bf5 5. Ng3 Bg6 6. N1e2 Nf6 7. Nf4 e5 8.
dxe5 Qa5+ 9. c3 Qxe5+ 10. Be2 Qc7 11. O-O Bd6 12. Nxg6 hxg6 13. Bc4 O-O 14. Qd3
Nbd7 15. f4 b5 16. Bb3 Nc5 17. Qf3 Rae8 18. Bc2 Re7 19. b4 Ncd7 20. Bd2 Rfe8
21. Bd3 Nb6 22. f5 Bxg3 23. hxg3 gxf5 24. Bg5 Nbd5 25. Bxf5 Qe5 26. Rac1 g6 27.
Bxf6 Qxf6 28. Be4 Rxe4 29. Qxf6 Nxf6 30. Rxf6 Rc4 31. Kf2 a5 32. Rf4 Ree4 33.
Rxe4 Rxe4 34. bxa5 Ra4 35. Rc2 Kf8 36. Ke3 Ke7 37. Kd3 Kd6 38. Rf2 f5 39. a6
Kd5 40. Re2 Rxa6 41. g4 f4 42. Rd2 Ra4 43. Re2 c5 44. Rb2 c4+ 45. Kc2 Ke4 46.
Kb1 Kd3 47. Rxb5 Kxc3 48. g5 Ra8 49. Rb6 Re8 50. a4 Re1+ 51. Ka2 Re2+ 52. Ka3
Rxg2 53. Rxg6 Rg1 54. Ka2 Kd3 55. Rd6+ Ke4 56. Rc6 Kd5 57. Rf6 Ke5 58. Rc6 f3
59. Rf6 Ke4 60. Re6+ Kd3 61. Rd6+ Ke2 62. Re6+ Kf1 63. g6 f2 64. a5 Rg5 65. a6
Kg1 66. Rf6 f1=Q 0-1

[Event "Georgian 69th Women Championship"]
[Site "?"]
[Date "2012.05.05"]
[Round "7.6"]
[White "Khotenashvili, Bela"]
[Black "Lomineishvili, Maia"]
[Result "1/2-1/2"]
[WhiteElo "2490"]
[BlackElo "2366"]
[PlyCount "133"]
[EventDate "2012.??.??"]

1. Nf3 Nf6 2. g3 g6 3. c4 Bg7 4. d4 O-O 5. Nc3 d6 6. Bg2 Nc6 7. O-O Bf5 8. b3
e5 9. d5 Ne7 10. h3 Ne8 11. Bb2 Bd7 12. Ne1 f5 13. f4 Nf6 14. e3 exf4 15. gxf4
Ne4 16. Qc2 c6 17. Nxe4 Bxb2 18. Qxb2 fxe4 19. Bxe4 Bxh3 20. Ng2 cxd5 21. cxd5
Nf5 22. Bxf5 Bxf5 23. Rac1 Qb6 24. Rfd1 Rac8 25. Rxc8 Rxc8 26. Rd2 Re8 27. Qd4
Qc7 28. Kf2 b6 29. Nh4 Be4 30. Nf3 Bxf3 31. Kxf3 Qc1 32. Kf2 Qh1 33. Re2 Rc8
34. Qf6 Qxd5 35. Qe7 a5 36. Kg3 Rf8 37. Rh2 h5 38. Rc2 Qd1 39. Rc7 Qg1+ 40. Kf3
Qh1+ 41. Kf2 Qh2+ 42. Ke1 Qh1+ 43. Kd2 Qd5+ 44. Kc3 Qf7 45. Qxd6 Qf6+ 46. Qxf6
Rxf6 47. Kd4 h4 48. Ke4 h3 49. Rc2 Rf5 50. Kf3 a4 51. bxa4 Ra5 52. Kg3 g5 53.
Rc4 gxf4+ 54. exf4 Rh5 55. Rc2 Kf7 56. Rh2 Ra5 57. Kxh3 Rxa4 58. Kg4 Kg6 59.
Rc2 b5 60. Rc6+ Kf7 61. Rb6 Rxa2 62. Rxb5 Ra6 63. Kg5 Rg6+ 64. Kf5 Rf6+ 65. Ke4
Re6+ 66. Re5 Kf6 67. Rxe6+ {Ke5+} 1/2-1/2

[Event "Georgian 69th Women Championship"]
[Site "?"]
[Date "2012.05.06"]
[Round "8.1"]
[White "Paikidze, Nazi"]
[Black "Lomineishvili, Maia"]
[Result "1/2-1/2"]
[WhiteElo "2406"]
[BlackElo "2366"]
[PlyCount "141"]
[EventDate "2012.??.??"]

1. e4 c5 2. Nf3 d6 3. d4 cxd4 4. Nxd4 Nf6 5. Nc3 g6 6. Be3 Bg7 7. f3 O-O 8. Qd2
Nc6 9. Bc4 Bd7 10. O-O-O Rb8 11. Bb3 Na5 12. Bh6 Bxh6 13. Qxh6 b5 14. h4 e5 15.
Nde2 b4 16. Nd5 Nxb3+ 17. axb3 Nxd5 18. Rxd5 Be6 19. h5 Rb7 20. Rb5 Qc7 21.
Rxb7 Qxb7 22. Kb1 Rc8 23. Qg5 Qc6 24. Rc1 a5 25. Qf6 Kf8 26. hxg6 hxg6 27. Qh8+
Ke7 28. Qh4+ Kd7 29. Qe1 Qb5 30. Rd1 a4 31. Nc1 Ra8 32. Qd2 Ra6 33. Nd3 axb3
34. Qxb4 Qxb4 35. Nxb4 Ra4 36. Nd5 Bxd5 37. exd5 bxc2+ 38. Kxc2 Rh4 39. Kc3 Kc7
40. Ra1 Kb7 41. b4 f5 42. Rd1 Kb6 43. Ra1 Rh2 44. Ra2 g5 45. Rc2 Kb5 46. Kb3 g4
47. fxg4 fxg4 48. Kc3 g3 49. Ra2 Rh1 50. Ra8 Rc1+ 51. Kd3 Rd1+ 52. Kc3 Rc1+ 53.
Kd3 Kxb4 54. Rb8+ Ka5 55. Rg8 Kb6 56. Rxg3 Kc5 57. Ke4 Rc4+ 58. Kf5 Kxd5 59.
Rf3 Rh4 60. g4 Kd4 61. Rf1 Rh8 62. Rd1+ Kc5 63. g5 Rf8+ 64. Ke6 Re8+ 65. Kf7
Ra8 66. Rc1+ Kd5 67. Rd1+ Kc6 68. Ke6 Re8+ 69. Kf7 Ra8 70. Ke6 Re8+ 71. Kf7
1/2-1/2

[Event "Georgian 69th Women Championship"]
[Site "?"]
[Date "2012.05.06"]
[Round "8.3"]
[White "Arabidze, Meri"]
[Black "Khukhashvili, Sopiko"]
[Result "1-0"]
[WhiteElo "2337"]
[BlackElo "2408"]
[PlyCount "129"]
[EventDate "2012.??.??"]

1. d4 Nf6 2. c4 e6 3. Nf3 Nc6 4. a3 g6 5. Nc3 Bg7 6. e4 d6 7. d5 exd5 8. cxd5
Ne7 9. Be2 O-O 10. O-O Bd7 11. Qb3 b6 12. Rd1 h6 13. h3 Re8 14. Be3 g5 15. Rac1
Ng6 16. Qc2 a6 17. Nd4 Qc8 18. Nf5 Bxf5 19. exf5 Ne7 20. g4 Qb7 21. Bf3 Rac8
22. Bg2 b5 23. Qd2 a5 24. b4 axb4 25. axb4 Kh7 26. Qd3 Rb8 27. Ra1 Ra8 28. Rxa8
Rxa8 29. Nxb5 Ra4 30. Bd2 Ra2 31. Qc4 Qa6 32. Bc3 Nd7 33. Bxg7 Kxg7 34. Qd4+
Ne5 35. Nxc7 Qa4 36. b5 Qxd4 37. Rxd4 Nc8 38. Rb4 Ra1+ 39. Kh2 Nd7 40. Rc4 Ndb6
41. Rc6 Kf6 42. Ne8+ Ke7 43. Nxd6 Nxd6 44. Rxb6 Rb1 45. Rb8 Rxb5 46. Rh8 Rb2
47. Rxh6 Rxf2 48. Kg3 Rb2 49. f6+ Kd7 50. Rh5 Rb3+ 51. Kh2 Rb2 52. Rxg5 Rf2 53.
Kg3 Rxf6 54. h4 Rh6 55. Rg8 Rh7 56. Bf3 Ke7 57. h5 f6 58. Ra8 Rg7 59. Kf4 Nf7
60. Ra7+ Kf8 61. Be4 Rg5 62. Bf5 Rg7 63. Rb7 Nh6 64. Rxg7 Kxg7 65. Be6 1-0

[Event "Georgian 69th Women Championship"]
[Site "?"]
[Date "2012.05.06"]
[Round "8.5"]
[White "Bokuchava, Madona"]
[Black "Charkhalashvili, Inga"]
[Result "0-1"]
[WhiteElo "2058"]
[BlackElo "2334"]
[PlyCount "104"]
[EventDate "2012.??.??"]

1. d4 Nf6 2. Nf3 e6 3. c4 b6 4. g3 Ba6 5. b3 b5 6. cxb5 Bxb5 7. Bg2 d5 8. O-O
Bd6 9. Nc3 Ba6 10. b4 c6 11. Rb1 O-O 12. Re1 Nbd7 13. Bf4 Qe7 14. a3 Bc4 15.
Bxd6 Qxd6 16. Nd2 Nb6 17. Na4 e5 18. Nxb6 axb6 19. dxe5 Qxe5 20. Nxc4 dxc4 21.
a4 b5 22. a5 Rfd8 23. Qc2 Nd5 24. Rec1 h6 25. e3 Qe7 26. Qe4 Qf8 27. Qf5 Nxb4
28. Be4 g6 29. Qf6 Rd6 30. Qb2 Nd3 31. Bxd3 Rxd3 32. Ra1 Qd6 33. a6 b4 34. a7
c3 35. Qb3 c5 36. Qc4 Qd5 37. Qb5 Rd2 38. e4 Qd4 39. Rf1 c2 40. Qc6 Qd8 41.
Qxc5 b3 42. Qb4 Rd3 43. e5 Qc8 44. Qb6 Rc3 45. Rfc1 Qc7 46. Qb4 Qxe5 47. Qb7
Qe8 48. Qb6 Qc8 49. Qb5 Qd8 50. Qb7 Rd3 51. h4 Qd5 52. Qb6 Rd1+ 0-1

[Event "Georgian 69th Women Championship"]
[Site "?"]
[Date "2012.05.06"]
[Round "8.6"]
[White "Melia, Salome"]
[Black "Khurtsilava, Inga"]
[Result "1/2-1/2"]
[WhiteElo "2400"]
[BlackElo "2286"]
[PlyCount "81"]
[EventDate "2012.??.??"]

1. e4 c6 2. d4 d5 3. Nc3 dxe4 4. Nxe4 Nf6 5. Nxf6+ gxf6 6. c3 h5 7. Be3 Bg4 8.
Qb3 Qc7 9. Bc4 e6 10. Bd3 e5 11. Ne2 h4 12. h3 Be6 13. Qc2 Nd7 14. O-O-O c5 15.
dxe5 fxe5 16. c4 Bh6 17. Bxh6 Rxh6 18. Bf5 O-O-O 19. Bxe6 Rxe6 20. Qe4 Rh8 21.
Nc3 Nf6 22. Qe3 Kb8 23. Nd5 Nxd5 24. Rxd5 Rc8 25. Rhd1 Qa5 26. Kb1 f6 27. Rd7
Ra6 28. a3 Rb6 29. f4 a6 30. fxe5 fxe5 31. Qxe5+ Ka7 32. R1d3 Rf8 33. Rf3 Rxf3
34. gxf3 Qxa3 35. Rd8 Rb3 36. Qh8 Kb6 37. Ra8 Ka5 38. Qd8+ Ka4 39. Qd7+ Ka5 40.
Qd8+ Ka4 41. Qd7+ 1/2-1/2

[Event "Georgian 69th Women Championship"]
[Site "?"]
[Date "2012.05.07"]
[Round "9.1"]
[White "Khurtsilava, Inga"]
[Black "Paikidze, Nazi"]
[Result "0-1"]
[WhiteElo "2286"]
[BlackElo "2406"]
[PlyCount "76"]
[EventDate "2012.??.??"]

1. d4 Nf6 2. Nf3 d5 3. e3 e6 4. Bd3 c5 5. b3 Nc6 6. a3 Bd6 7. Bb2 O-O 8. Nbd2
b6 9. O-O Bb7 10. Ne5 Ne7 11. f4 Ne4 12. Rf3 f5 13. Rh3 Bxe5 14. dxe5 d4 15.
exd4 cxd4 16. Bc4 Nd5 17. Nxe4 fxe4 18. Qh5 h6 19. Rg3 Kh8 20. Qg6 Qd7 21. Qxe4
Nxf4 22. Qxd4 Qc6 23. Qd2 Rad8 24. Bd3 Qc5+ 25. Qe3 Rxd3 26. cxd3 Ne2+ 27. Kh1
Nxg3+ 28. Qxg3 Rf2 29. Rg1 Rxb2 30. h4 Re2 31. b4 Qxe5 32. Qxe5 Rxe5 33. Kh2
Re2 34. a4 Rd2 35. a5 Rxd3 36. Rc1 Rd7 37. g3 h5 38. Re1 Rd2+ 0-1

[Event "Georgian 69th Women Championship"]
[Site "?"]
[Date "2012.05.07"]
[Round "9.2"]
[White "Charkhalashvili, Inga"]
[Black "Melia, Salome"]
[Result "*"]
[WhiteElo "2334"]
[BlackElo "2400"]
[PlyCount "90"]
[EventDate "2012.??.??"]

1. d4 g6 2. c4 Bg7 3. Nc3 d6 4. e4 e5 5. Be3 exd4 6. Bxd4 Nf6 7. Be2 Nc6 8. Be3
O-O 9. Nf3 Re8 10. Nd2 Nd7 11. O-O Nd4 12. Bd3 Nc5 13. Bb1 Bd7 14. f3 f5 15.
Nb3 Ncxb3 16. axb3 c5 17. Kh1 Bc6 18. b4 b6 19. b5 Bb7 20. Ra3 Be5 21. Ne2 Nxe2
22. Qxe2 fxe4 23. Bxe4 Bxe4 24. fxe4 Qh4 25. Bg1 Bg7 26. Re1 Bxb2 27. Bf2 Rxe4
28. Bxh4 Rxe2 29. Rxe2 Bxa3 30. Re6 Rf8 31. g3 Rf1+ 32. Kg2 Rc1 33. Rxd6 Rxc4
34. Rd8+ Kg7 35. Rd7+ Kh6 36. Rxa7 g5 37. Rxa3 Rb4 38. Re3 gxh4 39. Re6+ Kg5
40. gxh4+ Rxh4 41. Rxb6 Rb4 42. Rb7 h5 43. b6 c4 44. Rc7 Kg4 45. b7 Rb2+ *

[Event "Georgian 69th Women Championship"]
[Site "?"]
[Date "2012.05.07"]
[Round "9.3"]
[White "Guramishvili, Sopiko"]
[Black "Bokuchava, Madona"]
[Result "1/2-1/2"]
[WhiteElo "2395"]
[BlackElo "2058"]
[PlyCount "49"]
[EventDate "2012.??.??"]

1. d4 Nf6 2. c4 e6 3. Nc3 Bb4 4. e3 O-O 5. Nge2 d5 6. a3 Be7 7. cxd5 exd5 8. b4
Nbd7 9. Ng3 Re8 10. Bd3 a5 11. b5 c5 12. bxc6 bxc6 13. O-O Ba6 14. Bxa6 Rxa6
15. Na4 Nb6 16. Rb1 Nc4 17. Qd3 Bf8 18. Re1 Ra8 19. e4 Rb8 20. e5 Nd7 21. Rxb8
Qxb8 22. Nf5 Qb5 23. Nc3 Qb3 24. Qg3 Kh8 25. h4 1/2-1/2

[Event "Georgian 69th Women Championship"]
[Site "?"]
[Date "2012.05.07"]
[Round "9.6"]
[White "Lomineishvili, Maia"]
[Black "Batsiashvili, Nino"]
[Result "*"]
[WhiteElo "2366"]
[BlackElo "2438"]
[PlyCount "80"]
[EventDate "2012.??.??"]

1. e4 c6 2. d4 d5 3. exd5 cxd5 4. c4 Nf6 5. Nc3 Nc6 6. Nf3 Be6 7. c5 g6 8. Bb5
Bg7 9. Ne5 Bd7 10. Qa4 Qc8 11. O-O a6 12. Bxc6 Bxc6 13. Qb3 O-O 14. Re1 Re8 15.
h3 Qf5 16. Re3 Rad8 17. Rf3 Qe6 18. Be3 Rf8 19. Re1 Ne4 20. Nd3 Qc8 21. Nf4 e6
22. Nd3 g5 23. Ne5 f5 24. Bc1 Kh8 25. Qd1 Qc7 26. Rd3 Bxe5 27. dxe5 f4 28. Nxe4
dxe4 29. Rd6 Rde8 30. b4 Qf7 31. a4 h5 32. b5 axb5 33. axb5 Bd5 34. Bb2 Kh7 35.
c6 bxc6 36. bxc6 f3 37. g3 Re7 38. Ba3 Rfe8 39. Qd4 Rc7 40. Rc1 Rec8 *

[Event "Georgian 69th Women Championship"]
[Site "?"]
[Date "2012.05.08"]
[Round "10.1"]
[White "Paikidze, Nazi"]
[Black "Batsiashvili, Nino"]
[Result "1/2-1/2"]
[WhiteElo "2406"]
[BlackElo "2438"]
[PlyCount "68"]
[EventDate "2012.??.??"]

1. e4 c6 2. d4 d5 3. e5 c5 4. dxc5 Nc6 5. Nf3 e6 6. Bd3 Bxc5 7. O-O Nge7 8. a3
a5 9. Nc3 Ng6 10. Qe2 Bd7 11. Nb5 O-O 12. Be3 Be7 13. Bxg6 fxg6 14. Nbd4 g5 15.
h3 Rc8 16. Rad1 h6 17. Nxc6 bxc6 18. c4 Qe8 19. c5 Rb8 20. Ne1 Bc8 21. g3 Qg6
22. Bd4 Rb5 23. Qd3 Qh5 24. g4 Qe8 25. Nc2 Ba6 26. Qc3 Bd8 27. f3 Rf4 28. b4
Rb7 29. Rf2 Bb5 30. Ne1 Qg6 31. Ng2 Rf8 32. Ra1 Bc4 33. Ne1 Rb5 34. Nc2 Rb7
1/2-1/2

[Event "Georgian 69th Women Championship"]
[Site "?"]
[Date "2012.05.08"]
[Round "10.2"]
[White "Arabidze, Meri"]
[Black "Lomineishvili, Maia"]
[Result "1/2-1/2"]
[WhiteElo "2337"]
[BlackElo "2366"]
[PlyCount "79"]
[EventDate "2012.??.??"]

1. d4 Nf6 2. c4 e6 3. Nf3 c5 4. d5 b5 5. Bg5 exd5 6. cxd5 h6 7. Bh4 g5 8. Bg3
Bg7 9. a4 Bb7 10. Nc3 b4 11. Nb5 O-O 12. Bc7 Qe7 13. Bd6 Qe4 14. Bxc5 Na6 15.
Bxf8 Rxf8 16. Nd6 Qxd5 17. Qxd5 Bxd5 18. Nf5 Nc5 19. Nxg7 Kxg7 20. Nd4 Ng4 21.
h4 Ne5 22. hxg5 hxg5 23. f3 f5 24. e3 Kg6 25. O-O-O Nxa4 26. Nxf5 Bb3 27. Rd6+
Kxf5 28. g4+ Nxg4 29. fxg4+ Ke5 30. Rd4 Rc8+ 31. Kd2 Rc2+ 32. Ke1 Rxb2 33. Rxb4
Nc3 34. Rh5 Kf6 35. Bc4 Rb1+ 36. Kf2 Ne4+ 37. Kg2 Rb2+ 38. Kg1 Rb1+ 39. Kg2
Rb2+ 40. Kg1 1/2-1/2

[Event "Georgian 69th Women Championship"]
[Site "?"]
[Date "2012.05.08"]
[Round "10.3"]
[White "Gvetadze, Sofio"]
[Black "Khotenashvili, Bela"]
[Result "0-1"]
[WhiteElo "2334"]
[BlackElo "2490"]
[PlyCount "72"]
[EventDate "2012.??.??"]

1. e4 c6 2. d4 d5 3. exd5 cxd5 4. c4 Nf6 5. Nc3 Nc6 6. Bg5 dxc4 7. d5 Ne5 8.
Qd4 h6 9. Bf4 Ng6 10. Bg3 e6 11. Bxc4 exd5 12. Bxd5 Be7 13. Nf3 O-O 14. O-O
Nxd5 15. Nxd5 Bf6 16. Nxf6+ Qxf6 17. Qxf6 gxf6 18. Rfc1 Be6 19. Rc7 Bd5 20. Nd4
Rac8 21. Rac1 Rxc7 22. Rxc7 Rd8 23. h4 Bxa2 24. Nf5 Be6 25. Nd6 f5 26. h5 f4
27. hxg6 fxg3 28. gxf7+ Kf8 29. fxg3 Rxd6 30. Rxb7 a6 31. b4 Bc4 32. Kh2 Bb5
33. Kh3 Bd7+ 34. Kh4 Kxf7 35. Kh5 Kg7 36. Ra7 Rd1 0-1